Statistics for Famous Scientists

Click here to take the quiz!

General Stats

  • This quiz has been taken 68 times
    (40 since last reset)
  • The average score is 11 of 13

Answer Stats

HintAnswer% Correct
einsteinalbert
100%
newtonisaac
100%
galileigalileo
97%
hawkingstephen
94%
darwincharles
91%
graham bellalexander
88%
curiemarie
88%
edisonthomas
88%
franklinbenjamin
78%
teslanikola
78%
nobelalfred
72%
washington
carver
george
63%
curiepierre
63%

Score Distribution

Percentile by Number Answered

Percent of People with Each Score

Your Score History

You have not taken this quiz since the last reset